02076nam a2200289uu 4500001000800000005001700008008004100025020001500066035001200081035002100093040001300114041000800127082000800135100004300143245003800186260007500224300004400299505105200343650002901395650003801424650003101462650003001493700006101523942000901584999001901593952017401612100757520260507073529.0061129s1998 spa  a9681657195 a1007575 a(OCoLC)777588621 ccomduadb aspa 4a06910aFlores Valdes, Jorge4comecom942972910aCómo hacer un museo de ciencias aMéxico :bUniversidad Nacional Autónoma de México (UNAM),c1998. a166 páginas :bilustraciones a color. aCONTENIDO : Prólogo. -- I: La planeación de un museo interactivo de ciencias. -- II: Metodología para construir exposiciones interactivas, de ciencias. -- III: Cómo se crea un museo. -- IV: La campaña financiera. -- V: Diseño de equipamientos para un museo de ciencias interactivo. -- VI: Observaciones prácticas para construir equipamientos de un museo interactivo. -- VII: Mantenimiento de equipamientos de museos interactivos. -- VIII: Las colecciones en un museo interactivo. -- IX: Medios d comunicación escita en un museo de ciencias. -- X: Los recursos audiovisuales en un museo de ciencias. -- XI: Producción de multimedios para un museo de ciencias. -- XII: La estética en un museo: museografía. -- XIII: La estética en un museo: arte. -- XIV: La estética en un museo: fotografía. -- XV: Atención al público. -- XVI: Teatro en un centro de ciencias. -- XVII: La biblioteca de un museo de ciencias. -- XVIII: La casita de las ciencias. -- XIX: La evaluación de un museo. -- XX: La promoción de un museo. aMuseo de ciencias927896 aAdministración de museos911961 aMuseos interactivos998488 7aMuseografía2lemb9120410aAlvarez del Castillo, Maria del Carmen4auteaut9429623 cBOOK c403428d403428 001040708GENaBCbBCd2006-11-29eCIS (Corporacion Interuniversitaria de Servicios)g57800.00iC933335l0o069 F634p0573793r2023-04-27 00:00:00t1w2023-04-27yBOOK